000 00624nam a2200193 4500
001 116337
003 ES-MaACL
005 20230906190703.0
007 t|
008 061121s1982 sp r ||||1| spa d
100 1 _aPatte, Dominique.
_989604
245 1 0 _aManual ilustrado de enfermedades del riñón y de las vías urinarias /
_cpor D. Patte ; prefacio de J. Cukier ; versión G. del Río.
250 _a1ª ed.
260 _aBarcelona :
_bToray-Masson,
_c1982.
300 _a227 p. :
_bil. ;
_c21 cm.
700 1 _aCukier, J.
_942127
700 1 _aRío, Gerardo del.
_9144734
852 _aES-MaACL
_jL-2838
_bR.103269
999 _c116337
_d116337